University Home | Library Home | Institutional Repository

Brecht's tradition. (Record no. 141621)

MARC details
000 -LEADER
fixed length control field 00745cam9a220021700 4500
001 - CONTROL NUMBER
control field lce00601895
008 - FIXED-LENGTH DATA ELEMENTS--GENERAL INFORMATION
fixed length control field 740520s1967 mdua b 000 0 eng
010 ## - LIBRARY OF CONGRESS CONTROL NUMBER
LC control number 67012423
035 ## - SYSTEM CONTROL NUMBER
System control number (Sirsi) r11052
035 ## - SYSTEM CONTROL NUMBER
System control number (DLC) 67012423
035 ## - SYSTEM CONTROL NUMBER
System control number (UPRA)lce00601895
050 0# - LIBRARY OF CONGRESS CALL NUMBER
Classification number PT2603.R397
Item number Z8864
100 1# - MAIN ENTRY--PERSONAL NAME
Personal name Spalter, Max.
Linkage A64781.1
245 10 - TITLE STATEMENT
Title Brecht's tradition.
260 ## - PUBLICATION, DISTRIBUTION, ETC.
Place of publication, distribution, etc. Baltimore,
Name of publisher, distributor, etc. Johns Hopkins Press
Date of publication, distribution, etc. [1967]
504 ## - BIBLIOGRAPHY, ETC. NOTE
Bibliography, etc. note Bibliography: p. 263-268.
600 10 - SUBJECT ADDED ENTRY--PERSONAL NAME
Personal name Brecht, Bertolt, 1898-1956.
Dates associated with a name Brecht, Bertolt, 1898-1956.
Linkage S2995.1
650 #0 - SUBJECT ADDED ENTRY--TOPICAL TERM
Topical term or geographic name entry element German drama -- History and criticism.
General subdivision German drama -- History and criticism.
Linkage S50126.1
949 ## - LOCAL PROCESSING INFORMATION (OCLC)
a PT2603.R397
w lcc
i 33729005782458
m MAIN
t BOOK
l ON-SHELF

No items available.

© 2026 - The University of Zambia Library - Koha v25.11